000
00319nam a22001337a 4500
008
190304b xxu||||| |||| 00| 0 eng d
020
_a
9781598032222
041
_a
eng
080
_a
910
100
_a
42
101
_a
GJEO
245
_a
The Nature of Earth: An Introduction to Geology
_c
Renton,J.J
942
_2
udc
_c
BK
999
_c
54421
_d
54421